书目信息 |
| 题名: |
音乐的故事
|
|
| 作者: | 房龙 著 ;马晗 , 治梅 译 | |
| 分册: | ||
| 出版信息: | 北京 中国民族摄影艺术出版社 2003.10 |
|
| 页数: | 283页 | |
| 开本: | 26cm | |
| 丛书名: | ||
| 单 册: | ||
| 中图分类: | J609-49 | |
| 科图分类: | ||
| 主题词: | 音乐--艺术理论 , 音乐学 , 音乐社会学 | |
| 电子资源: | ||
| ISBN: | 7-80069-560-3 | |
| 000 | 00709nam0 2200241 45 | |
| 001 | 0460251737 | |
| 005 | 2004051816441173 | |
| 010 | @a7-80069-560-3@dCNY 20.00 | |
| 100 | @a20040518d2003 km y0chiy0120 ea | |
| 101 | 0 | @achi |
| 200 | 1 | @a音乐的故事@Ayin yue de gu shi@f(美)房龙著;马晗,治梅译@F(mei)fang long zhu;ma han,zhi mei yi |
| 210 | @a北京@c中国民族摄影艺术出版社@d2003.10 | |
| 210 | @a北京@c中国民族摄影艺术出版社 | |
| 215 | @a283页@d26cm | |
| 606 | 0 | @a音乐@x艺术理论 |
| 606 | 0 | @a音乐学 |
| 606 | 0 | @a音乐社会学 |
| 690 | 1 | @aJ609-49@v4 |
| 701 | 0 | @a房龙@Afang long@4著 |
| 702 | 0 | @a马晗@Ama han@4译 |
| 702 | 0 | @a治梅@Azhi mei@4译 |
| 801 | 0 | @aCN@bPFT@c20040518 |
| 905 | @a10447@dJ609-49@eF288 | |
| 音乐的故事/(美)房龙著;马晗,治梅译.-北京:中国民族摄影艺术出版社,2003.10.-北京:中国民族摄影艺术出版社 |
| 283页;26cm |
| ISBN 7-80069-560-3:CNY 20.00 |
| ● |
| 相关链接 |
|
|
|
正题名:音乐的故事
索取号:J609-49/F288
 
预约/预借
| 序号 | 登录号 | 条形码 | 馆藏地/架位号 | 状态 | 备注 |
| 1 | 376040 | 203760402 | 社科库309/309社科库 91排4列3层/ [索取号:J609-49/F288] | 在馆 | |
| 2 | 376041 | 203760411 | 社科库309/ [索取号:J609-49/F288] | 在馆 | |
| 3 | 376042 | 203760420 | 社科库309/309社科库 91排4列3层/ [索取号:J609-49/F288] | 在馆 |